[Event "San Vicente op 8th"]
[Site "San Vicente"]
[Date "2024.03.31"]
[Round "8"]
[White "Solodovnichenko, Yuri"]
[Black "Cesar Maestre, Bernardo"]
[Result "1/2-1/2"]
[WhiteElo "2481"]
[BlackElo "2381"]
[PlyCount "160"]
[EventDate "2024.03.27"]
[EventType "swiss"]
[EventRounds "9"]
[EventCountry "ESP"]
[SourceTitle "CB14_2024"]
[SourceDate "2024.04.01"]
[SourceVersion "1"]
[SourceVersionDate "2024.04.01"]
[SourceQuality "1"]

1. e4 c5 2. Nc3 Nc6 3. Nge2 Nd4 4. d3 g6 5. Nxd4 cxd4 6. Ne2 Bg7 7. c3 dxc3 8. Nxc3 d6 9. d4 Nf6 10. Bb5+ Nd7 11. Be3 a6 12. Be2 b5 13. a4 b4 14. Nd5 Bb7 15. a5 e6 16. Nxb4 Bxe4 17. 0-0 0-0 18. Qa4 Bb7 19. Nc6 Qe8 20. Rfc1 Nc5 21. Ne7+ Qxe7 22. dxc5 Bxb2 23. c6 Bc8 24. Qb4 Bxa1 25. Rxa1 Re8 26. Bf3 d5 27. Bc5 Qc7 28. Qb6 Qf4 29. Rb1 Qc4 30. Rd1 Qf4 31. Be3 Qd6 32. Bc5 Qf4 33. Qb2 Qc7 34. Qf6 Qxa5 35. Bd4 e5 36. Bxe5 Rxe5 37. Qxe5 Be6 38. h4 Rc8 39. Rc1 Qc7 40. Qd4 h5 41. Qc5 Rb8 42. g3 Rb5 43. Qd4 a5 44. Qd3 Rb8 45. Bxd5 Rd8 46. Rc5 Bxd5 47. Rxd5 Rxd5 48. Qxd5 Kf8 49. Qe4 Qd6 50. Qc4 Qc7 51. Qe4 Qd6 52. Qc4 Qc7 53. Qc5+ Ke8 54. Kh2 f6 55. Qd5 Ke7 56. Qc5+ Ke6 57. Kg1 a4 58. Qc4+ Kd6 59. Qf4+ Kxc6 60. Qxa4+ Kd5 61. Qe8 Qg7 62. Kg2 Kd6 63. f3 Kd5 64. Kh3 Kd6 65. Kg2 Kd5 66. Kf1 Kd6 67. Kg2 Kd5 68. Qe4+ Kd6 69. Qd4+ Ke6 70. Qc4+ Ke7 71. g4 hxg4 72. fxg4 f5 73. Qc7+ Kf8 74. Qd8+ Kf7 75. Qd7+ Kg8 76. Qxg7+ Kxg7 77. gxf5 gxf5 78. Kf3 Kh6 79. Kf4 Kh5 80. Kxf5 Kxh4 1/2-1/2

[Event "Titled Tuesday intern op 12th Mar Early"]
[Site "Chess.com INT"]
[Date "2024.03.12"]
[Round "7"]
[White "Melikhov, Evgeny V"]
[Black "Cesar Maestre, Bernardo"]
[Result "0-1"]
[WhiteElo "2172"]
[BlackElo "2381"]
[PlyCount "40"]
[EventDate "2024.03.12"]
[EventType "swiss (blitz)"]
[EventRounds "11"]
[EventCountry "USA"]
[SourceTitle "CB12_2024"]
[SourceDate "2023.10.01"]
[SourceVersion "1"]
[SourceVersionDate "2023.10.01"]
[SourceQuality "1"]

1. d4 Nf6 2. c4 e6 3. Nc3 Bb4 4. Qc2 d6 5. e4 e5 6. d5 Bxc3+ 7. bxc3 0-0 8. Nf3 Nh5 9. c5 f5 10. Bd3 fxe4 11. Bxe4 Nf6 12. Ng5 Nxe4 13. Qxe4 Bf5 14. Qe2 Nd7 15. cxd6 cxd6 16. 0-0 Nc5 17. Ne6 Bxe6 18. dxe6 Nxe6 19. Ba3 Nf4 20. Qxe5 dxe5 0-1

[Event "Wch U18"]
[Site "Montesilvano"]
[Date "2023.11.20"]
[Round "7"]
[White "Eidelman, Gabriel"]
[Black "Cesar Maestre, Bernardo"]
[Result "1/2-1/2"]
[WhiteElo "2284"]
[BlackElo "2373"]
[PlyCount "60"]
[EventDate "2023.11.13"]
[EventType "swiss"]
[EventRounds "11"]
[EventCountry "ITA"]
[SourceTitle "CB48_2023"]
[SourceDate "2023.11.29"]
[SourceVersion "1"]
[SourceVersionDate "2023.11.29"]
[SourceQuality "1"]

1. e4 c5 2. Nf3 d6 3. d4 cxd4 4. Nxd4 Nf6 5. Nc3 a6 6. Be3 e5 7. Nb3 Be7 8. f3 Be6 9. Qd2 h5 10. Nd5 Bxd5 11. exd5 Nbd7 12. 0-0-0 Qc7 13. c4 a5 14. Kb1 a4 15. Na1 a3 16. b3 0-0 17. Nc2 Rfc8 18. Rc1 Nc5 19. Be2 b6 20. Nb4 Nfd7 21. g4 h4 22. Nc6 Bf8 23. f4 exf4 24. Bxf4 Re8 25. Rhe1 g6 26. Qc2 Bg7 27. Bf3 Nf6 28. Bd2 h3 29. g5 Nfd7 30. Rxe8+ Rxe8 1/2-1/2

[Event "ESP-ch 88th"]
[Site "Marbella"]
[Date "2023.10.13"]
[Round "1"]
[White "Santos Martinez, Guillermo"]
[Black "Cesar Maestre, Bernardo"]
[Result "0-1"]
[WhiteElo "2056"]
[BlackElo "2386"]
[PlyCount "44"]
[EventDate "2023.10.13"]
[EventType "swiss"]
[EventRounds "9"]
[EventCountry "ESP"]
[SourceTitle "Mega2024 Update 01"]
[Source "Chessbase"]
[SourceDate "2023.11.12"]
[SourceVersion "1"]
[SourceVersionDate "2023.11.12"]
[SourceQuality "1"]

1. d4 Nf6 2. c4 e6 3. Nf3 d5 4. Nc3 Bb4 5. cxd5 exd5 6. Bg5 h6 7. Bh4 g5 8. Bg3 Ne4 9. Qb3 Nc6 10. e3 h5 11. Bd3 h4 12. Bxe4 dxe4 13. Bxc7 Qxc7 14. Nxg5 Qe7 15. Nh3 Bxh3 16. gxh3 0-0-0 17. a3 Bxc3+ 18. bxc3 Rhg8 19. Rb1 Kb8 20. Qb5 Rd6 21. c4 Nxd4 22. exd4 Rb6 0-1

[Event "EU-ch U18 31st"]
[Site "Mamaia"]
[Date "2023.09.09"]
[Round "5"]
[White "Prokofiev, Valentyn"]
[Black "Cesar Maestre, Bernardo"]
[Result "1-0"]
[WhiteElo "2259"]
[BlackElo "2415"]
[PlyCount "119"]
[EventDate "2023.09.05"]
[EventType "swiss"]
[EventRounds "9"]
[EventCountry "ROU"]
[SourceTitle "EXT 2024"]
[Source "ChessBase"]
[SourceDate "2023.10.10"]
[SourceVersion "1"]
[SourceVersionDate "2023.10.10"]
[SourceQuality "1"]

1. c4 e5 2. Nc3 Nf6 3. Nf3 Nc6 4. e4 Bb4 5. d3 d6 6. a3 Bc5 7. b4 Bb6 8. Na4 Bg4 9. Nxb6 axb6 10. Bb2 Nd7 11. Be2 Bxf3 12. Bxf3 Qf6 13. Bg4 Nf8 14. 0-0 h5 15. Bf5 g6 16. Bh3 g5 17. Bf5 Ne6 18. Bxe6 fxe6 19. Rc1 Kd7 20. c5 b5 21. cxd6 cxd6 22. Qe2 Nd4 23. Bxd4 exd4 24. e5 dxe5 25. Qe4 Ra7 26. Rc5 Qf5 27. Rd5+ Ke7 28. Qxf5 exf5 29. Re1 Rxa3 30. Rexe5+ Kf6 31. Rxf5+ Ke6 32. g3 Rxd3 33. Rxg5 h4 34. Rge5+ Kf6 35. Re4 h3 36. Rdxd4 Rxd4 37. Rxd4 Rc8 38. Kf1 Rc1+ 39. Ke2 Rh1 40. Kf3 Rxh2 41. Rd6+ Kg7 42. Rb6 Rh1 43. Rxb7+ Kg6 44. Rb6+ Kg7 45. Rxb5 Kg6 46. g4 Rg1 47. Rh5 Rb1 48. Rxh3 Rxb4 49. Kg3 Rb3+ 50. f3 Ra3 51. Rh8 Rb3 52. Re8 Ra3 53. Kf4 Rb3 54. Re6+ Kf7 55. Ra6 Rc3 56. g5 Rb3 57. Kg4 Rb4+ 58. f4 Rb1 59. Ra7+ Kg8 60. f5 1-0

[Event "Maia op 7th"]
[Site "Maia"]
[Date "2023.08.31"]
[Round "7"]
[White "Postny, Evgeny"]
[Black "Cesar Maestre, Bernardo"]
[Result "1-0"]
[WhiteElo "2570"]
[BlackElo "2399"]
[PlyCount "69"]
[EventDate "2023.08.25"]
[EventType "swiss"]
[EventRounds "9"]
[EventCountry "POR"]
[SourceTitle "EXT 2024"]
[Source "ChessBase"]
[SourceDate "2023.10.10"]
[SourceVersion "1"]
[SourceVersionDate "2023.10.10"]
[SourceQuality "1"]

1. d4 Nf6 2. c4 e6 3. Nc3 Bb4 4. e3 0-0 5. Nf3 c5 6. Bd3 d6 7. 0-0 Bxc3 8. bxc3 Nc6 9. e4 e5 10. d5 Ne7 11. Nh4 Ng6 12. Nf5 Nf4 13. Bc2 g6 14. Ne3 h5 15. h4 Ng4 16. g3 Nh3+ 17. Kg2 f5 18. exf5 gxf5 19. Kxh3 f4 20. Kg2 fxe3 21. Bxe3 Qf6 22. Bg5 Qg7 23. f3 Nh6 24. Qd2 Nf7 25. Be3 Bd7 26. Kh2 Rae8 27. Be4 Kh8 28. Rg1 Rg8 29. g4 hxg4 30. fxg4 Bxg4 31. Raf1 Qf8 32. Bg5 Rxg5 33. hxg5 Bh5 34. Qf2 Qe7 35. Qf5 1-0

[Event "ESP-chT CECLUB Div1"]
[Site "Linares"]
[Date "2023.08.22"]
[Round "3.6"]
[White "Cesar Maestre, Bernardo"]
[Black "Hernandez Estevez, Yudania"]
[Result "1-0"]
[WhiteElo "2399"]
[BlackElo "2160"]
[PlyCount "113"]
[EventDate "2023.08.20"]
[EventType "team-tourn"]
[EventRounds "7"]
[EventCountry "ESP"]
[SourceTitle "CBM 215 Extra"]
[Source "ChessBase"]
[SourceDate "2023.09.30"]
[SourceVersion "1"]
[SourceVersionDate "2023.09.30"]
[SourceQuality "1"]
[WhiteTeam "Benalmadena Medio Ambiente"]
[BlackTeam "Ourense"]
[WhiteTeamCountry "ESP"]
[BlackTeamCountry "ESP"]

1. e4 c6 2. d4 d5 3. Nc3 dxe4 4. Nxe4 Nf6 5. Nxf6+ exf6 6. c3 Bd6 7. Bd3 0-0 8. Ne2 Re8 9. 0-0 Qc7 10. Ng3 Nd7 11. Nf5 Nf8 12. Nxd6 Qxd6 13. Be3 Be6 14. a4 a5 15. Qc2 g6 16. Rfe1 Red8 17. Rad1 Bg4 18. f3 Bd7 19. c4 Ne6 20. Qc3 Nf4 21. Bf1 Nh5 22. d5 c5 23. b3 Re8 24. Qd2 f5 25. Qf2 b6 26. Qh4 f4 27. Bd2 Bf5 28. Qf2 Kf8 29. Bc3 f6 30. Rxe8+ Rxe8 31. Be1 Ng7 32. g4 Bd7 33. Bd3 Kf7 34. Bc3 Re3 35. h3 h5 36. Bb2 g5 37. Bc1 Re7 38. Qc2 hxg4 39. hxg4 Ke8 40. Kg2 Kd8 41. Rh1 Qe5 42. Bb2 Qd6 43. Rh6 Rf7 44. Qc3 Ke7 45. Bg6 Rf8 46. Rh7 Rg8 47. Qe1+ Kd8 48. Bf7 Re8 49. Bxe8 Nxe8 50. Rf7 f5 51. Be5 Qg6 52. Bf6+ Qxf6 53. Rxf6 Nxf6 54. Qe5 Ne8 55. gxf5 Nc7 56. f6 Be8 57. d6 1-0

[Event "ESP-ch Rapid"]
[Site "Linares"]
[Date "2023.08.19"]
[Round "7"]
[White "Diaz Camallonga, Carles"]
[Black "Cesar Maestre, Bernardo"]
[Result "1-0"]
[WhiteElo "2484"]
[BlackElo "2399"]
[PlyCount "99"]
[EventDate "2023.08.19"]
[EventType "swiss (rapid)"]
[EventRounds "10"]
[EventCountry "ESP"]
[SourceTitle "CBM 215 Extra"]
[Source "ChessBase"]
[SourceDate "2023.09.30"]
[SourceVersion "1"]
[SourceVersionDate "2023.09.30"]
[SourceQuality "1"]

1. d4 Nf6 2. Nf3 d5 3. c4 e6 4. g3 Bb4+ 5. Bd2 Be7 6. Bg2 0-0 7. 0-0 Nbd7 8. Bc3 b6 9. cxd5 Nxd5 10. Bd2 Bb7 11. Nc3 c5 12. Nxd5 Bxd5 13. Bc3 Rc8 14. Rc1 Bf6 15. b3 Bxf3 16. Bxf3 cxd4 17. Bb4 Nc5 18. Rc4 e5 19. Qc2 Be7 20. Rc1 f5 21. Bxc5 bxc5 22. b4 Bg5 23. Rd1 cxb4 24. Rxc8 Qxc8 25. Qb3+ Kh8 26. Qxb4 e4 27. Bg2 Bf6 28. Qa3 Qb8 29. Qc5 Be5 30. Rc1 h6 31. f4 exf3 32. Bxf3 Rd8 33. Kg2 a6 34. Qc2 Rf8 35. Rb1 Qd6 36. Qc6 Qa3 37. Qd5 Qe7 38. Rb6 Rd8 39. Qc4 a5 40. Re6 Qc7 41. Qb5 Bd6 42. Qxf5 Rf8 43. Qg6 Bb4 44. Be4 Kg8 45. Qh7+ Kf7 46. Rxh6 Qe5 47. Rh5 Qd6 48. Bd5+ Ke8 49. Qxg7 Kd8 50. Bf3 1-0

[Event "ESP-ch U18"]
[Site "Salobrena"]
[Date "2023.08.05"]
[Round "9"]
[White "Perea Fruet, Lorenzo"]
[Black "Cesar Maestre, Bernardo"]
[Result "0-1"]
[WhiteElo "2251"]
[BlackElo "2357"]
[PlyCount "86"]
[EventDate "2023.07.31"]
[EventType "swiss"]
[EventRounds "9"]
[EventCountry "ESP"]
[SourceTitle "CBM 215 Extra"]
[Source "ChessBase"]
[SourceDate "2023.09.30"]
[SourceVersion "1"]
[SourceVersionDate "2023.09.30"]
[SourceQuality "1"]

1. d4 Nf6 2. c4 e6 3. Nf3 d5 4. g3 Bb4+ 5. Bd2 Be7 6. Bg2 0-0 7. 0-0 Nbd7 8. Bc3 b6 9. Nbd2 Bb7 10. Rc1 c5 11. Ne5 Rc8 12. e3 Rc7 13. b3 Qa8 14. Qe2 Rfc8 15. h4 cxd4 16. exd4 dxc4 17. Bxb7 Qxb7 18. bxc4 Nxe5 19. Qxe5 Bf8 20. a4 Ne8 21. Rb1 Qa6 22. a5 Nd6 23. axb6 axb6 24. Ra1 Qb7 25. Rfb1 Nxc4 26. Nxc4 Rxc4 27. Ba5 b5 28. Bd2 b4 29. Rb3 Rc2 30. Qe1 R2c4 31. Rab1 Rb8 32. Bf4 Rd8 33. Be3 Qe4 34. Kh2 h6 35. Kg1 Rc3 36. R3b2 Rd3 37. Kh2 Bd6 38. Kh3 g5 39. hxg5 hxg5 40. Qh1 g4+ 41. Kh2 Rxe3 42. fxe3 Qxe3 43. Rb3 Bxg3+ 0-1

[Event "ESP-ch U18"]
[Site "Salobrena"]
[Date "2023.08.03"]
[Round "6"]
[White "Cesar Maestre, Bernardo"]
[Black "Garcia Fernandez, Victor"]
[Result "1-0"]
[WhiteElo "2357"]
[BlackElo "2177"]
[PlyCount "69"]
[EventDate "2023.07.31"]
[EventType "swiss"]
[EventRounds "9"]
[EventCountry "ESP"]
[SourceTitle "CBM 215 Extra"]
[Source "ChessBase"]
[SourceDate "2023.09.30"]
[SourceVersion "1"]
[SourceVersionDate "2023.09.30"]
[SourceQuality "1"]

1. c4 e6 2. g3 d5 3. Bg2 Nf6 4. Nf3 Be7 5. d4 0-0 6. Nc3 dxc4 7. Ne5 Nc6 8. Bxc6 bxc6 9. Nxc6 Qe8 10. Nxe7+ Qxe7 11. Qa4 Nd5 12. Qxc4 a5 13. Qc5 Qxc5 14. dxc5 Nxc3 15. bxc3 e5 16. f4 Re8 17. Kf2 Rb8 18. Rd1 Bg4 19. Rd2 exf4 20. gxf4 Re4 21. e3 Rbe8 22. Rd4 Bf5 23. Bd2 Rb8 24. Kf3 Rxd4 25. cxd4 Rb1 26. Rxb1 Bxb1 27. Bxa5 Bxa2 28. Bxc7 f5 29. e4 Bb3 30. Ke3 Kf7 31. d5 Ke8 32. Kd4 Kd7 33. Be5 fxe4 34. Kxe4 g6 35. c6+ 1-0

[Event "ESP-ch U18"]
[Site "Salobrena"]
[Date "2023.08.01"]
[Round "3"]
[White "Maldonado Mena, German"]
[Black "Cesar Maestre, Bernardo"]
[Result "0-1"]
[WhiteElo "2139"]
[BlackElo "2357"]
[PlyCount "48"]
[EventDate "2023.07.31"]
[EventType "swiss"]
[EventRounds "9"]
[EventCountry "ESP"]
[SourceTitle "CBM 215 Extra"]
[Source "ChessBase"]
[SourceDate "2023.09.30"]
[SourceVersion "1"]
[SourceVersionDate "2023.09.30"]
[SourceQuality "1"]

1. d4 Nf6 2. c4 a6 3. e3 c5 4. d5 g6 5. Nc3 Bg7 6. Qc2 0-0 7. e4 d6 8. Nf3 e6 9. dxe6 fxe6 10. e5 dxe5 11. Be3 Qc7 12. Bd3 b6 13. Ne4 Nc6 14. Qb1 Nd4 15. Nxf6+ Rxf6 16. Nd2 Bb7 17. Ne4 Rff8 18. h4 Rad8 19. h5 Nf5 20. hxg6 Qd7 21. Nxc5 bxc5 22. Bxf5 exf5 23. gxh7+ Kh8 24. Bxc5 Bxg2 0-1

[Event "ESP-ch U18"]
[Site "Salobrena"]
[Date "2023.07.31"]
[Round "1"]
[White "Conde Riveiro, Xacobe"]
[Black "Cesar Maestre, Bernardo"]
[Result "0-1"]
[WhiteElo "1872"]
[BlackElo "2357"]
[PlyCount "46"]
[EventDate "2023.07.31"]
[EventType "swiss"]
[EventRounds "9"]
[EventCountry "ESP"]
[SourceTitle "CBM 215 Extra"]
[Source "ChessBase"]
[SourceDate "2023.09.30"]
[SourceVersion "1"]
[SourceVersionDate "2023.09.30"]
[SourceQuality "1"]

1. e4 c5 2. d4 cxd4 3. c3 dxc3 4. Nxc3 Nc6 5. Nf3 e6 6. Bc4 Bb4 7. 0-0 Nge7 8. Bf4 Bxc3 9. bxc3 d5 10. exd5 exd5 11. Bb3 0-0 12. Re1 Be6 13. Re2 Rc8 14. Qe1 Ng6 15. Bg3 Qf6 16. Rd1 Rfd8 17. Re3 h6 18. Red3 Nge7 19. Ne5 Na5 20. Bc2 Bf5 21. Rf3 Qe6 22. Bxf5 Nxf5 23. Nxf7 Qxf7 0-1

[Event "Titled Tuesday intern op 25th Jul Late"]
[Site "Chess.com INT"]
[Date "2023.07.25"]
[Round "2"]
[White "Cesar Maestre, Bernardo"]
[Black "Miladinovic, Igor"]
[Result "1-0"]
[WhiteElo "2357"]
[BlackElo "2489"]
[PlyCount "89"]
[EventDate "2023.07.25"]
[EventType "swiss (blitz)"]
[EventRounds "11"]
[EventCountry "USA"]
[SourceTitle "EXT 2024"]
[Source "ChessBase"]
[SourceDate "2023.10.10"]
[SourceVersion "1"]
[SourceVersionDate "2023.10.10"]
[SourceQuality "1"]

1. e4 c5 2. Nc3 Nc6 3. g3 g6 4. Bg2 Bg7 5. d3 d6 6. h4 h6 7. Be3 b6 8. Qd2 Bb7 9. h5 g5 10. f4 Nf6 11. Nf3 Ng4 12. Bg1 Nd4 13. 0-0-0 Qd7 14. Kb1 e6 15. fxg5 0-0-0 16. Nxd4 cxd4 17. Ne2 Ne3 18. Bxe3 dxe3 19. Qxe3 hxg5 20. Qxg5 Rdg8 21. Qe3 Qb5 22. d4 Rxh5 23. Rxh5 Qxh5 24. Bf3 Qg6 25. a4 Bf6 26. e5 Bg5 27. Bxb7+ Kxb7 28. Qf3+ d5 29. a5 bxa5 30. Rd3 a4 31. Ra3 Qe4 32. Qxf7+ Kb6 33. Qxe6+ Ka5 34. Qxg8 Bd2 35. Qd8+ Kb5 36. Qd7+ Kb6 37. Qxa4 Qxe2 38. Qxa7+ Kc6 39. Qa6+ Qxa6 40. Rxa6+ Kb5 41. Rd6 Kc4 42. g4 Kxd4 43. e6 Bg5 44. Rd7 Kc5 45. e7 1-0

[Event "Titled Tuesday intern op 25th Jul Late"]
[Site "Chess.com INT"]
[Date "2023.07.25"]
[Round "5"]
[White "Cesar Maestre, Bernardo"]
[Black "Sargsyan, Shant"]
[Result "0-1"]
[WhiteElo "2357"]
[BlackElo "2654"]
[PlyCount "84"]
[EventDate "2023.07.25"]
[EventType "swiss (blitz)"]
[EventRounds "11"]
[EventCountry "USA"]
[SourceTitle "EXT 2024"]
[Source "ChessBase"]
[SourceDate "2023.10.10"]
[SourceVersion "1"]
[SourceVersionDate "2023.10.10"]
[SourceQuality "1"]

1. e4 c6 2. d4 d5 3. Nc3 dxe4 4. Nxe4 Nf6 5. Nxf6+ exf6 6. Be3 Bd6 7. Bd3 0-0 8. Ne2 Re8 9. 0-0 Qc7 10. h3 Nd7 11. c4 Nf8 12. c5 Be7 13. Nf4 Ng6 14. Qf3 Qd8 15. Rad1 Nxf4 16. Bxf4 Be6 17. a3 f5 18. Be5 g6 19. Rfe1 Bf6 20. b4 Bxe5 21. dxe5 Qh4 22. Bc2 a5 23. Qc3 axb4 24. axb4 Ra2 25. Rd2 f4 26. Red1 Qg5 27. Be4 Rxd2 28. Rxd2 Ra8 29. b5 cxb5 30. Bxb7 Ra4 31. c6 Rc4 32. Qd3 Qxe5 33. Qd8+ Kg7 34. Rd1 f3 35. g3 b4 36. Qb6 h5 37. Ba6 Rc2 38. Qxb4 Rxc6 39. Bf1 Rc3 40. h4 Rc2 41. Qd4 Qxd4 42. Rxd4 Rc1 0-1

[Event "Huelva"]
[Site "Huelva"]
[Date "2023.07.20"]
[Round "7"]
[White "Ingunza Curro, Andres"]
[Black "Cesar Maestre, Bernardo"]
[Result "1/2-1/2"]
[WhiteElo "2354"]
[BlackElo "2357"]
[PlyCount "125"]
[EventDate "2023.07.17"]
[EventType "tourn"]
[EventRounds "9"]
[EventCountry "ESP"]
[EventCategory "4"]
[SourceTitle "CBM 215 Extra"]
[Source "ChessBase"]
[SourceDate "2023.09.30"]
[SourceVersion "1"]
[SourceVersionDate "2023.09.30"]
[SourceQuality "1"]

1. e4 e5 2. Nf3 Nc6 3. Bc4 Bc5 4. d3 Nf6 5. c3 d6 6. a4 a5 7. Bb3 Ba7 8. Na3 0-0 9. 0-0 Ne7 10. Be3 Ng6 11. h3 c6 12. Re1 h6 13. Bxa7 Rxa7 14. d4 Qc7 15. Qc2 Nh5 16. dxe5 dxe5 17. Kh2 Nhf4 18. Ng1 Ne6 19. Rad1 Nc5 20. Bc4 Kh8 21. f3 f5 22. Qf2 b6 23. Qg3 Kh7 24. b3 Qe7 25. Nc2 fxe4 26. fxe4 Be6 27. Bxe6 Qxe6 28. b4 axb4 29. cxb4 Nxa4 30. Ra1 b5 31. Ne3 Rd7 32. Nf5 Nf4 33. Nf3 Qf6 34. Ne3 h5 35. Ng5+ Kh8 36. Rad1 Rfd8 37. Rxd7 Rxd7 38. h4 g6 39. Qf2 Qe7 40. Rd1 Rxd1 41. Nxd1 Kg7 42. Qc2 Qd7 43. Nf2 Nb6 44. Qc5 Nc4 45. Nfh3 Nd3 46. Qg1 Nxb4 47. Qa1 Nd3 48. Qa6 Nc5 49. Qa2 Ne3 50. Nf2 Nc4 51. Nh1 Ne6 52. Nf3 Nd4 53. Ng5 c5 54. Qa6 Ne3 55. Nf2 c4 56. Qa3 Nb3 57. Qa6 Ng4+ 58. Nxg4 hxg4 59. Ne6+ Kf7 60. Ng5+ Kg7 61. Ne6+ Kg8 62. Ng5 Kg7 63. Ne6+ 1/2-1/2

[Event "Huelva"]
[Site "Huelva"]
[Date "2023.07.18"]
[Round "4"]
[White "Espinosa Veloz, Ermes"]
[Black "Cesar Maestre, Bernardo"]
[Result "1/2-1/2"]
[WhiteElo "2498"]
[BlackElo "2357"]
[PlyCount "35"]
[EventDate "2023.07.17"]
[EventType "tourn"]
[EventRounds "9"]
[EventCountry "ESP"]
[EventCategory "4"]
[SourceTitle "CBM 215 Extra"]
[Source "ChessBase"]
[SourceDate "2023.09.30"]
[SourceVersion "1"]
[SourceVersionDate "2023.09.30"]
[SourceQuality "1"]

1. Nf3 d5 2. g3 Nf6 3. Bg2 e6 4. 0-0 Be7 5. b3 0-0 6. Bb2 b6 7. d3 Bb7 8. e4 dxe4 9. Ng5 Nbd7 10. Nxe4 Nxe4 11. Bxe4 Bxe4 12. dxe4 Bf6 13. Qc1 Bxb2 14. Qxb2 Qf6 15. Qxf6 Nxf6 16. Nc3 Rfd8 17. Rfd1 c6 18. f3 1/2-1/2

[Event "Titled Tuesday intern op 20th Jun Early"]
[Site "Chess.com INT"]
[Date "2023.06.20"]
[Round "1"]
[White "Cesar Maestre, Bernardo"]
[Black "Ilkhomi, Jaloliddin"]
[Result "0-1"]
[WhiteElo "2357"]
[BlackElo "1994"]
[PlyCount "108"]
[EventDate "2023.06.20"]
[EventType "swiss (blitz)"]
[EventRounds "11"]
[EventCountry "USA"]
[SourceTitle "EXT 2024"]
[Source "ChessBase"]
[SourceDate "2023.10.10"]
[SourceVersion "1"]
[SourceVersionDate "2023.10.10"]
[SourceQuality "1"]

1. d4 Nf6 2. Nf3 e6 3. c4 b6 4. g3 Bb7 5. Bg2 Be7 6. 0-0 0-0 7. Re1 d5 8. cxd5 exd5 9. Nc3 Nbd7 10. Bf4 a6 11. h4 Ne4 12. Nxe4 dxe4 13. Nd2 Nf6 14. e3 Bd6 15. Bxd6 Qxd6 16. Qc2 Qe7 17. Rac1 Rac8 18. Bh3 h6 19. Bxc8 Rxc8 20. Nc4 Qe6 21. Ne5 Bd5 22. b3 Qh3 23. Qe2 g5 24. hxg5 hxg5 25. Qxa6 Kg7 26. Qf1 Qh5 27. Qg2 Ng4 28. Qh1 Qxh1+ 29. Kxh1 Nxf2+ 30. Kg1 Nd3 31. Nxd3 exd3 32. Rcd1 Be4 33. Rd2 Rh8 34. Rg2 Bxg2 35. Kxg2 Ra8 36. a4 b5 37. Ra1 bxa4 38. bxa4 g4 39. Kf2 Kf6 40. Ke1 Kf5 41. Kd2 Ke4 42. a5 Ra6 43. Ra3 f5 44. Ra4 c6 45. Ra1 Kf3 46. Kxd3 Kxg3 47. e4 f4 48. e5 f3 49. e6 Kf4 50. e7 Ra8 51. a6 g3 52. a7 g2 53. Kd2 f2 54. Ke2 g1Q 0-1

[Event "Titled Tuesday intern op 20th Jun Early"]
[Site "Chess.com INT"]
[Date "2023.06.20"]
[Round "3"]
[White "Zaragatski, Ilja"]
[Black "Cesar Maestre, Bernardo"]
[Result "0-1"]
[WhiteElo "2462"]
[BlackElo "2357"]
[PlyCount "114"]
[EventDate "2023.06.20"]
[EventType "swiss (blitz)"]
[EventRounds "11"]
[EventCountry "USA"]
[SourceTitle "EXT 2024"]
[Source "ChessBase"]
[SourceDate "2023.10.10"]
[SourceVersion "1"]
[SourceVersionDate "2023.10.10"]
[SourceQuality "1"]

1. Nf3 d5 2. g3 Nf6 3. Bg2 Bf5 4. c4 c6 5. Qb3 Qb6 6. cxd5 cxd5 7. Qxb6 axb6 8. d3 Nc6 9. Nc3 e6 10. 0-0 h6 11. Be3 Bc5 12. Bd2 0-0 13. a3 d4 14. Nb5 Rfd8 15. b4 Be7 16. Rfc1 e5 17. Be1 Be6 18. Nc7 Rac8 19. Nxe6 fxe6 20. Nd2 b5 21. Ne4 Kf7 22. Bd2 Nd5 23. Nc5 b6 24. Ne4 Nb8 25. h4 Ke8 26. Kh2 Kd7 27. Bh3 Rxc1 28. Rxc1 Rf8 29. Kg2 Na6 30. e3 Nac7 31. exd4 exd4 32. Re1 Ra8 33. Bc1 Rf8 34. Nd2 Bf6 35. Nf3 Kd6 36. g4 e5 37. g5 hxg5 38. hxg5 Be7 39. Nxe5 Nf4+ 40. Bxf4 Rxf4 41. Nc4+ bxc4 42. dxc4 Bxg5 43. Rd1 Bf6 44. a4 Re4 45. Kf1 Re8 46. Bg2 Ne6 47. a5 bxa5 48. c5+ Nxc5 49. bxc5+ Kxc5 50. Rc1+ Kd6 51. Rc6+ Ke5 52. Ra6 Rb8 53. Bf3 Kf4 54. Kg2 Rb5 55. Ra8 Rg5+ 56. Kf1 Kxf3 57. Rxa5 Rxa5 0-1

[Event "Titled Tuesday intern op 30th May Early"]
[Site "Chess.com INT"]
[Date "2023.05.30"]
[Round "4"]
[White "Cesar Maestre, Bernardo"]
[Black "Pham, Le Thao Nguyen"]
[Result "1-0"]
[WhiteElo "2333"]
[BlackElo "2369"]
[PlyCount "93"]
[EventDate "2023.05.30"]
[EventType "swiss (blitz)"]
[EventRounds "11"]
[EventCountry "USA"]
[SourceTitle "CBM 214 Extra"]
[Source "ChessBase"]
[SourceDate "2023.07.31"]
[SourceVersion "1"]
[SourceVersionDate "2023.07.31"]
[SourceQuality "1"]

1. d4 d5 2. c4 dxc4 3. Nf3 Nf6 4. e3 b5 5. a4 c6 6. axb5 cxb5 7. b3 e6 8. bxc4 b4 9. c5 a5 10. Nbd2 Be7 11. Nc4 0-0 12. Nb6 Ra7 13. Nxc8 Qxc8 14. Bd2 Qb7 15. Bd3 Nc6 16. 0-0 b3 17. e4 a4 18. Bc3 Rd8 19. Qb1 g6 20. Qb2 Nb4 21. Bb1 Raa8 22. d5 Nfxd5 23. exd5 Nxd5 24. Bd4 Nf4 25. Re1 Bf8 26. Be5 Nd3 27. Bxd3 Rxd3 28. Bd4 Qd5 29. Be3 Bxc5 30. Bxc5 Qxc5 31. Ne5 Rc3 32. Qe2 Rc2 33. Qf3 b2 34. Qxf7+ Kh8 35. Qf6+ Kg8 36. Qxe6+ Kg7 37. Qf7+ Kh8 38. Qf6+ Kg8 39. Rad1 Rc1 40. Qf7+ Kh8 41. Qf6+ Kg8 42. Qe6+ Kg7 43. Rd7+ Kh6 44. Qh3+ Kg5 45. Qg4+ Kf6 46. Qf4+ Ke6 47. Qf7# 1-0

[Event "Titled Tuesday intern op 30th May Early"]
[Site "Chess.com INT"]
[Date "2023.05.30"]
[Round "6"]
[White "Fishchuk, Vladyslav"]
[Black "Cesar Maestre, Bernardo"]
[Result "1-0"]
[WhiteElo "2252"]
[BlackElo "2333"]
[PlyCount "103"]
[EventDate "2023.05.30"]
[EventType "swiss (blitz)"]
[EventRounds "11"]
[EventCountry "USA"]
[SourceTitle "CBM 214 Extra"]
[Source "ChessBase"]
[SourceDate "2023.07.31"]
[SourceVersion "1"]
[SourceVersionDate "2023.07.31"]
[SourceQuality "1"]

1. e4 c6 2. d4 d5 3. exd5 cxd5 4. Bd3 Nc6 5. c3 Nf6 6. h3 g6 7. Nf3 Bf5 8. Be2 Bg7 9. 0-0 0-0 10. Bf4 Nd7 11. Nbd2 e5 12. dxe5 Ndxe5 13. Nxe5 Nxe5 14. Nf3 Nxf3+ 15. Bxf3 Qb6 16. Qb3 Qxb3 17. axb3 Rfd8 18. Rfd1 Be6 19. Be3 b6 20. Bd4 Rd7 21. Bxb6 Rb8 22. Bxa7 Rxb3 23. Rd2 Rdb7 24. Bc5 Bh6 25. Ra8+ Rb8 26. Rxb8+ Rxb8 27. Re2 Rc8 28. Bd4 Kf8 29. b4 Bf4 30. b5 Rb8 31. b6 Bh6 32. Rb2 Bg7 33. Bxg7+ Kxg7 34. b7 Kf6 35. c4 dxc4 36. Ra2 c3 37. Rc2 Ke7 38. Rxc3 Kd6 39. g4 Re8 40. Kg2 Rf8 41. Kg3 h6 42. h4 Rb8 43. Kf4 Re8 44. Ra3 Kc7 45. Ra8 Rb8 46. Rxb8 Kxb8 47. g5 hxg5+ 48. hxg5 Kc7 49. Ke5 Ba2 50. Bd5 Bxd5 51. Kxd5 Kxb7 52. Kd6 1-0